Hospital Based Comparative Study of Cognitive Adaptive and Behaviour Profilers of Perinatally Acquired HIV Infection and HIV Affected Children Aged 2-9 Years. (Record no. 1851843)
[ view plain ]
| 000 -LEADER | |
|---|---|
| fixed length control field | 00951nam a2200349Ia 4500 |
| 005 - DATE AND TIME OF LATEST TRANSACTION | |
| control field | 20260514124419.0 |
| 008 - FIXED-LENGTH DATA ELEMENTS--GENERAL INFORMATION | |
| fixed length control field | 008 261405s9999 xx 000 0 eng d |
| 037 ## - | |
| -- | Thesis |
| 040 ## - CATALOGING SOURCE | |
| -- | CRL |
| 040 ## - CATALOGING SOURCE | |
| Language of cataloging | eng |
| 040 ## - CATALOGING SOURCE | |
| Transcribing agency | CRL |
| 041 ## - LANGUAGE CODE | |
| Language code of text | eng |
| 084 ## - COLON CLASSIFICATION NUMBER | |
| -- | CRL |
| 100 ## - MAIN ENTRY--PERSONAL NAME | |
| Student/researcher name | Devamare Dr.Shilpa |
| 245 #0 - TITLE STATEMENT | |
| Title | Hospital Based Comparative Study of Cognitive Adaptive and Behaviour Profilers of Perinatally Acquired HIV Infection and HIV Affected Children Aged 2-9 Years. |
| 260 ## - PUBLICATION, DISTRIBUTION, ETC. | |
| Place of publication, distribution, etc. | Delhi |
| 260 ## - PUBLICATION, DISTRIBUTION, ETC. | |
| Name of publisher, distributor, etc. | University of Delhi |
| 260 ## - PUBLICATION, DISTRIBUTION, ETC. | |
| Date of publication, distribution, etc. | 2015 |
| 300 ## - PHYSICAL DESCRIPTION | |
| Extent | 95p. |
| 502 ## - Thesis Note | |
| Degree type | Ph.D. |
| 502 ## - Thesis Note | |
| Name of granting institution | University of Delhi |
| 502 ## - Thesis Note | |
| Year degree granted | 2015 |
| 650 ## - SUBJECT ADDED ENTRY--TOPICAL TERM | |
| LCSH or local subjects | Pediatrics |
| 700 ## - ADDED ENTRY--PERSONAL NAME | |
| Supervisor / Guide name | Dr.Anju Seth |
| 700 ## - ADDED ENTRY--PERSONAL NAME | |
| Supervisor / Guide name | Dr.Savita Sapra |
| 700 ## - ADDED ENTRY--PERSONAL NAME | |
| Supervisor / Guide name | Dr.Sharmila B.Mukherjee, |
| 942 ## - ADDED ENTRY ELEMENTS (KOHA) | |
| Koha item type | Thesis |
| 100 ## - MAIN ENTRY--PERSONAL NAME | |
| -- | 1239915 |
| 541 ## - IMMEDIATE SOURCE OF ACQUISITION NOTE | |
| -- | Thesis |
| 650 ## - SUBJECT ADDED ENTRY--TOPICAL TERM | |
| -- | 1239905 |
| 700 ## - ADDED ENTRY--PERSONAL NAME | |
| -- | 1239916 |
| 700 ## - ADDED ENTRY--PERSONAL NAME | |
| -- | 1239917 |
| 700 ## - ADDED ENTRY--PERSONAL NAME | |
| -- | 1239541 |
| 999 ## - | |
| -- | 1851843 |
| -- | 1851843 |
| Withdrawn status | Lost status | Not for loan | Home library | Current library | Date acquired | Accession Number | Koha item type |
|---|---|---|---|---|---|---|---|
| Central Library | Central Library | 2026-05-14 | TH0028025 | Thesis |
